[Event "NDVM 2019 U14w"]
[Site "?"]
[Date "2019.09.12"]
[Round "1.9"]
[White "Hubert, Charlotte"]
[Black "Heuberger, Sandra"]
[Result "1-0"]
[BlackElo "1142"]
[WhiteElo "1574"]
[LiveChessVersion "1.4.8"]

1. e4 {[%clk 1:30:56]} e5 {[%clk 1:30:57]} 2. Nf3 {[%clk 1:31:20]} Nc6
{[%clk 1:31:22]} 3. Nc3 {[%clk 1:31:34]} Nf6 {[%clk 1:31:46]} 4. d4
{[%clk 1:31:38]} exd4 {[%clk 1:31:53]} 5. Nxd4 {[%clk 1:31:44]} Bb4
{[%clk 1:31:47]} 6. Nxc6 {[%clk 1:31:25]} bxc6 {[%clk 1:32:08]} 7. Bd3
{[%clk 1:31:10]} d5 {[%clk 1:32:21]} 8. exd5 {[%clk 1:31:08]} cxd5
{[%clk 1:32:43]} 9. O-O {[%clk 1:30:53]} O-O {[%clk 1:33:02]} 10. Bg5
{[%clk 1:31:03]} Bb7 {[%clk 1:31:17]} 11. Na4 {[%clk 1:22:56]} d4
{[%clk 1:29:52]} 12. Bc4 {[%clk 1:18:06]} Qd6 {[%clk 1:26:19]} 13. Bxf6
{[%clk 1:08:24]} Qxf6 {[%clk 1:25:01]} 14. Qg4 {[%clk 1:06:13]} Qc6
{[%clk 1:24:19]} 15. b3 {[%clk 1:05:06]} Rae8 {[%clk 1:23:00]} 16. a3
{[%clk 0:58:11]} Ba5 {[%clk 1:20:49]} 17. Nb2 {[%clk 0:53:06]} Re4
{[%clk 1:16:25]} 18. Qf3 {[%clk 0:48:22]} Qg6 {[%clk 1:11:38]} 19. Bd3
{[%clk 0:45:33]} Rfe8 {[%clk 1:11:07]} 20. b4 {[%clk 0:41:46]} Bb6
{[%clk 1:11:13]} 21. Bxe4 {[%clk 0:40:50]} Bxe4 {[%clk 1:07:33]} 22. Qg3
{[%clk 0:38:33]} Qc6 {[%clk 1:03:11]} 23. Rac1 {[%clk 0:32:17]} h6
{[%clk 0:48:45]} 24. Kh1 {[%clk 0:26:39]} Re6 {[%clk 0:46:37]} 25. f3
{[%clk 0:24:57]} Rg6 {[%clk 0:44:22]} 26. Qe1 {[%clk 0:24:23]} Bd5
{[%clk 0:43:33]} 27. Nd3 {[%clk 0:24:05]} Qf6 {[%clk 0:43:29]} 28. Ne5
{[%clk 0:21:26]} Rg5 {[%clk 0:42:05]} 29. Nd7 {[%clk 0:19:32]} Qd8
{[%clk 0:41:11]} 30. Nxb6 {[%clk 0:19:50]} cxb6 {[%clk 0:41:28]} 31. Qh4
{[%clk 0:19:02]} Bc4 {[%clk 0:38:34]} 32. Rg1 {[%clk 0:18:44]} Qd5
{[%clk 0:35:17]} 33. Qe4 {[%clk 0:17:15]} Qd6 {[%clk 0:34:33]} 34. Qe8+
{[%clk 0:14:40]} Kh7 {[%clk 0:34:29]} 35. Qe4+ {[%clk 0:14:58]} g6
{[%clk 0:34:30]} 36. Qe1 {[%clk 0:13:01]} Rh5 {[%clk 0:34:22]} 37. g3
{[%clk 0:12:01]} Bd5 {[%clk 0:34:14]} 38. Rf1 {[%clk 0:11:25]} Qf6
{[%clk 0:33:21]} 39. Kg1 {[%clk 0:10:01]} Qf5 {[%clk 0:32:25]} 40. Qf2
{[%clk 0:08:19]} Bc4 {[%clk 0:29:38]} 41. Rfe1 {[%clk 0:07:00]} Rg5
{[%clk 0:26:41]} 42. Re8 {[%clk 0:02:19]} Bd5 {[%clk 0:25:19]} 43. Qxd4
{[%clk 0:00:49]} f6 {[%clk 0:20:42]} 44. Rce1 {[%clk 0:23:50]} Kg7
{[%clk 0:46:20]} 45. R1e7+ {[%clk 0:21:40]} Bf7 {[%clk 0:46:35]} 46. Qd8
{[%clk 0:17:17]} Qxc2 {[%clk 0:39:07]} 47. Rg8+ {[%clk 0:17:28]} Kh7
{[%clk 0:39:26]} 48. Rxf7# {[%clk 0:17:54]} 1-0

[Event "NDVM 2019 U14w"]
[Site "?"]
[Date "2019.09.12"]
[Round "1.10"]
[White "Kostova, Viktoria"]
[Black "Wartenberg, Alissa"]
[Result "1-0"]
[BlackElo "1350"]
[WhiteElo "974"]
[LiveChessVersion "1.4.8"]

1. e4 {[%clk 1:30:57]} e5 {[%clk 1:30:54]} 2. Nf3 {[%clk 1:31:24]} Nc6
{[%clk 1:31:19]} 3. Nc3 {[%clk 1:31:46]} Nf6 {[%clk 1:31:43]} 4. Bc4
{[%clk 1:32:10]} Nxe4 {[%clk 1:32:06]} 5. Bxf7+ {[%clk 1:31:42]} Kxf7
{[%clk 1:32:27]} 6. Nxe4 {[%clk 1:31:57]} d5 {[%clk 1:30:13]} 7. Neg5+
{[%clk 1:30:50]} Ke8 {[%clk 1:30:31]} 8. Qe2 {[%clk 1:29:26]} Bg4
{[%clk 1:29:52]} 9. d3 {[%clk 1:28:39]} Nd4 {[%clk 1:28:58]} 10. Qxe5+
{[%clk 1:27:08]} Qe7 {[%clk 1:03:30]} 11. Qxe7+ Bxe7 {[%clk 1:03:37]} 12. Nxd4
{[%clk 1:24:29]} Kd7 {[%clk 1:03:11]} 13. Nf7 {[%clk 1:24:16]} Rhe8
{[%clk 1:01:09]} 14. Ne5+ {[%clk 1:24:00]} Kc8 {[%clk 1:01:07]} 15. Nxg4
{[%clk 1:23:56]} Bc5+ {[%clk 1:00:37]} 16. Ne2 {[%clk 1:22:49]} d4
{[%clk 0:58:31]} 17. Bf4 {[%clk 1:21:34]} h5 {[%clk 0:57:52]} 18. Ne5
{[%clk 1:21:17]} Bd6 {[%clk 0:57:42]} 19. Ng6 {[%clk 1:14:59]} Re6
{[%clk 0:57:39]} 20. Bxd6 {[%clk 1:10:07]} Rxg6 {[%clk 0:57:37]} 21. Bg3
{[%clk 1:02:57]} Re6 {[%clk 0:56:59]} 22. Rd1 {[%clk 1:03:14]} g5
{[%clk 0:55:16]} 23. h3 {[%clk 1:03:23]} b6 {[%clk 0:55:18]} 24. Rd2
{[%clk 1:03:30]} Kb7 {[%clk 0:55:33]} 25. O-O {[%clk 1:03:06]} h4
{[%clk 0:55:18]} 26. Bh2 {[%clk 1:03:13]} c5 {[%clk 0:55:24]} 27. c3
{[%clk 1:02:53]} Rae8 {[%clk 0:54:58]} 28. Re1 {[%clk 1:02:54]} dxc3
{[%clk 0:54:39]} 29. bxc3 {[%clk 1:02:56]} Kc6 {[%clk 0:54:29]} 30. d4
{[%clk 1:02:19]} cxd4 {[%clk 0:54:04]} 31. cxd4 {[%clk 1:02:37]} Kd7
{[%clk 0:53:39]} 32. d5 {[%clk 1:02:52]} R6e7 {[%clk 0:53:41]} 33. d6
{[%clk 1:02:55]} Re6 {[%clk 0:53:30]} 34. Rc2 {[%clk 1:01:34]} a5
{[%clk 0:51:39]} 35. Rc7+ {[%clk 1:01:50]} Kd8 {[%clk 0:51:59]} 36. d7
{[%clk 1:00:33]} R8e7 {[%clk 0:45:40]} 37. Kf1 {[%clk 0:57:57]} Rxd7
{[%clk 0:45:37]} 38. Rxd7+ Kxd7 {[%clk 0:45:48]} 39. Nd4 {[%clk 0:58:35]} Rg6
{[%clk 0:45:02]} 40. g4 {[%clk 0:57:58]} hxg3 {[%clk 0:44:58]} 41. Bxg3
{[%clk 0:57:45]} Kc8 {[%clk 0:44:08]} 42. Rc1+ {[%clk 0:57:10]} Kb7
{[%clk 0:44:12]} 43. Rc7+ {[%clk 0:55:10]} Ka6 {[%clk 0:44:10]} 44. a4
{[%clk 0:54:19]} b5 {[%clk 0:43:36]} 45. axb5+ {[%clk 0:51:48]} Kb6
{[%clk 0:43:57]} 46. Rc6+ {[%clk 0:51:30]} Rxc6 {[%clk 0:44:17]} 47. bxc6
{[%clk 0:51:38]} a4 {[%clk 0:43:55]} 48. c7 {[%clk 0:52:02]} Kb7 {[%clk 0:44:12]}
49. Nb5 {[%clk 0:51:50]} a3 {[%clk 0:44:25]} 50. Nxa3 {[%clk 0:51:47]} Kc8
{[%clk 0:44:46]} 51. Nb5 {[%clk 0:52:03]} Kd7 {[%clk 0:45:05]} 52. Na7
{[%clk 0:52:10]} Ke6 {[%clk 0:45:19]} 53. c8=Q+ {[%clk 0:52:22]} Kd5
{[%clk 0:45:44]} 54. Qc6+ {[%clk 0:51:32]} Kd4 {[%clk 0:46:05]} 55. Nb5+
{[%clk 0:51:43]} Kd3 {[%clk 0:46:19]} 56. f3 {[%clk 0:50:34]} g4 {[%clk 0:46:36]}
57. Qe4+ {[%clk 0:50:14]} Kd2 {[%clk 0:46:52]} 58. Qe2+ {[%clk 0:50:18]} Kc1
{[%clk 0:47:14]} 59. Bf4+ {[%clk 0:50:08]} Kb1 {[%clk 0:47:32]} 60. Nc3+
{[%clk 0:48:51]} Ka1 {[%clk 0:47:42]} 61. Qa2# 1-0

[Event "NDVM 2019 U14w"]
[Site "?"]
[Date "2019.09.12"]
[Round "1.11"]
[White "Modali, Nikhilamrutha"]
[Black "Wennin, Elisabeth"]
[Result "1-0"]
[BlackElo "889"]
[WhiteElo "1029"]
[LiveChessVersion "1.4.8"]

1. e4 {[%clk 1:30:57]} e5 {[%clk 1:30:58]} 2. Nf3 {[%clk 1:31:20]} Nc6
{[%clk 1:31:20]} 3. Bc4 {[%clk 1:31:44]} Nf6 {[%clk 1:31:47]} 4. Ng5
{[%clk 1:31:59]} d5 {[%clk 1:32:14]} 5. exd5 {[%clk 1:32:08]} Na5
{[%clk 1:32:26]} 6. Bb5+ {[%clk 1:32:17]} c6 {[%clk 1:32:39]} 7. dxc6
{[%clk 1:32:41]} bxc6 {[%clk 1:32:48]} 8. Ba4 {[%clk 1:32:58]} Nd5
{[%clk 1:32:42]} 9. d3 {[%clk 1:31:21]} Be7 {[%clk 1:32:56]} 10. Qd2
{[%clk 1:30:11]} f6 {[%clk 1:32:35]} 11. Nf3 {[%clk 1:30:01]} O-O
{[%clk 1:32:35]} 12. Nc3 {[%clk 1:29:02]} Nxc3 {[%clk 1:32:19]} 13. Qxc3
{[%clk 1:29:15]} Rb8 {[%clk 1:31:50]} 14. Bxc6 {[%clk 1:27:09]} Bb4
{[%clk 1:31:48]} 15. Qxb4 {[%clk 1:25:04]} Rxb4 {[%clk 1:32:00]} 16. Bd2
{[%clk 1:25:26]} Rb8 {[%clk 1:31:49]} 17. Ba4 {[%clk 1:24:38]} Bd7
{[%clk 1:30:26]} 18. Bxd7 {[%clk 1:23:17]} Qxd7 {[%clk 1:30:38]} 19. Bxa5
{[%clk 1:23:43]} Qd5 {[%clk 1:29:52]} 20. Bc3 e4 21. Nd2 {[%clk 1:16:08]} exd3
{[%clk 1:29:47]} 22. cxd3 {[%clk 1:16:17]} Rfe8+ {[%clk 1:29:27]} 23. Kd1
{[%clk 1:16:22]} Qxd3 {[%clk 1:29:27]} 24. Kc1 {[%clk 1:14:09]} Qd5
{[%clk 1:28:03]} 25. b3 {[%clk 1:11:57]} Rbc8 {[%clk 1:27:28]} 26. Kb2
{[%clk 1:12:15]} Qxg2 {[%clk 1:27:11]} 27. Rhg1 {[%clk 1:12:34]} Qxf2
{[%clk 1:27:06]} 28. Rad1 {[%clk 1:12:48]} Qe3 {[%clk 1:25:24]} 29. Rg3
{[%clk 1:12:18]} Qe2 {[%clk 1:25:03]} 30. Rgg1 {[%clk 1:11:20]} Qxh2
{[%clk 1:23:37]} 31. Bxf6 {[%clk 1:11:36]} Qh6 {[%clk 1:23:39]} 32. Bg5
{[%clk 1:10:12]} Qg6 {[%clk 1:23:34]} 33. Nc4 {[%clk 1:09:20]} Rc5
{[%clk 1:23:17]} 34. Be3 {[%clk 1:09:36]} Qf6+ {[%clk 1:23:19]} 35. Bd4
{[%clk 1:09:50]} Re2+ {[%clk 1:22:16]} 36. Ka1 {[%clk 1:08:02]} Qf5
{[%clk 1:22:14]} 37. Rxg7+ {[%clk 1:08:04]} Kf8 {[%clk 1:22:19]} 38. Rf7+
{[%clk 1:04:42]} Qxf7 {[%clk 1:21:50]} 39. Bxc5+ {[%clk 1:05:04]} Kg8 40. Rg1+
Qg6 41. Rxg6+ hxg6 {[%clk 1:11:21]} 42. Bxa7 {[%clk 1:05:20]} Re1+
{[%clk 1:11:20]} 43. Kb2 {[%clk 1:05:41]} g5 44. Nd2 Re2 {[%clk 1:08:23]} 45. Kc3
{[%clk 1:05:57]} g4 {[%clk 1:08:30]} 46. Kd3 {[%clk 1:04:50]} Rh2
{[%clk 1:08:09]} 47. Ke3 {[%clk 1:04:50]} g3 {[%clk 1:07:11]} 48. Bb8
{[%clk 1:05:13]} Rh3 {[%clk 1:07:30]} 49. Kf3 {[%clk 1:05:24]} Kg7
{[%clk 1:07:25]} 50. Bxg3 {[%clk 1:05:45]} Rh5 {[%clk 1:06:42]} 51. Ne4
{[%clk 1:04:36]} Rf5+ {[%clk 1:06:24]} 52. Kg4 {[%clk 1:02:24]} Ra5
{[%clk 1:06:27]} 53. Nc3 {[%clk 1:01:50]} Rb5 54. Nxb5 Kf6 {[%clk 1:05:41]} 55.
a4 {[%clk 1:02:14]} Ke6 {[%clk 1:06:07]} 56. Kg5 {[%clk 1:02:33]} Kd7
{[%clk 1:05:35]} 57. Kf5 {[%clk 1:04:43]} Kc6 {[%clk 1:05:50]} 58. Ke6
{[%clk 1:05:02]} Kc5 {[%clk 1:06:04]} 59. Kd7 {[%clk 1:05:16]} Kb4
{[%clk 1:03:32]} 60. Kc7 {[%clk 1:05:26]} Kxb3 {[%clk 1:02:19]} 61. a5
{[%clk 1:06:07]} Kb4 {[%clk 1:01:44]} 62. a6 {[%clk 1:06:24]} Kxb5
{[%clk 1:01:44]} 63. a7 {[%clk 1:06:41]} Kc4 {[%clk 1:02:10]} 64. a8=Q
{[%clk 1:06:58]} Kd3 {[%clk 1:02:21]} 65. Qa4 {[%clk 1:06:38]} Ke2
{[%clk 1:02:23]} 66. Qb3 {[%clk 1:06:25]} Kd2 {[%clk 1:02:39]} 67. Bf4+
{[%clk 1:06:43]} Ke2 {[%clk 1:02:49]} 68. Qe3+ {[%clk 1:07:02]} Kd1
{[%clk 1:03:10]} 69. Qd2# {[%clk 1:06:50]} 1-0

[Event "NDVM 2019 U14w"]
[Site "?"]
[Date "2019.09.12"]
[Round "1.12"]
[White "Pham, Minh Trang Nguyen"]
[Black "Krasikova, Milana"]
[Result "0-1"]
[BlackElo "1060"]
[WhiteElo "920"]
[LiveChessVersion "1.4.8"]

1. e4 {[%clk 1:30:56]} e5 {[%clk 1:30:59]} 2. Nf3 {[%clk 1:31:16]} Nc6
{[%clk 1:31:25]} 3. Bc4 {[%clk 1:31:39]} Nf6 {[%clk 1:31:29]} 4. Nc3
{[%clk 1:31:42]} Bb4 {[%clk 1:31:49]} 5. O-O {[%clk 1:31:37]} d6 {[%clk 1:31:57]}
6. h3 {[%clk 1:31:52]} Bxc3 {[%clk 1:31:47]} 7. bxc3 {[%clk 1:31:33]} Nxe4
{[%clk 1:32:08]} 8. d3 {[%clk 1:31:07]} Nf6 {[%clk 1:32:08]} 9. Be3
{[%clk 1:30:20]} h6 {[%clk 1:32:22]} 10. d4 {[%clk 1:29:04]} exd4
{[%clk 1:30:42]} 11. cxd4 {[%clk 1:28:56]} d5 {[%clk 1:30:48]} 12. Bd3
{[%clk 1:28:29]} Be6 {[%clk 1:29:30]} 13. c3 {[%clk 1:27:56]} g5 {[%clk 1:29:00]}
14. Be2 {[%clk 1:27:09]} Ne4 {[%clk 1:28:46]} 15. Rc1 {[%clk 1:25:06]} Qf6
{[%clk 1:28:21]} 16. Bd3 {[%clk 1:24:00]} g4 {[%clk 1:27:19]} 17. Kh2
{[%clk 1:20:46]} gxf3 {[%clk 1:25:33]} 18. gxf3 {[%clk 1:19:16]} Ng5
{[%clk 1:25:08]} 19. Be2 {[%clk 1:18:53]} Qf5 {[%clk 1:23:01]} 20. Rh1
{[%clk 1:13:28]} Rg8 {[%clk 1:21:51]} 21. Qd2 {[%clk 1:12:33]} Qxh3+
{[%clk 1:21:22]} 22. Kg1 {[%clk 1:12:30]} Nxf3# 0-1

[Event "SC Weisse Dame Berlin-TuS Makkabi Rostoc"]
[Site "Kiel"]
[Date "2019.09.12"]
[Round "1.1"]
[White "Koepnick, Amanda"]
[Black "Fayngold, Sophie Olivia"]
[Result "1/2-1/2"]
[WhiteElo "1019"]
[BlackElo "1581"]
[Annotator "Rnd./Pair./Board: 01.004.01"]
[PlyCount "61"]
[EventDate "2019.??.??"]
[WhiteTeam "TuS Makkabi Rostock"]
[BlackTeam "SC Weisse Dame Berlin"]

1. e4 e5 2. Nf3 Nc6 3. Bc4 Bc5 4. c3 d6 5. h3 Be6 6. Bb3 Nf6 7. d3 Qd7 8. d4
exd4 9. cxd4 Bxb3 10. axb3 Bb6 11. Nc3 O-O-O 12. O-O h6 13. Bf4 g5 14. e5 gxf4
15. exf6 Rdg8 16. Kh1 Qf5 17. Na4 Kb8 18. Qe2 Qxf6 19. Nxb6 axb6 20. Qb5 Ne7
21. Qa4 c6 22. b4 Kc7 23. b5 Qg7 24. Rg1 Ra8 25. Qc4 Rxa1 26. Rxa1 Rg8 27. Rg1
d5 28. Qc1 Ng6 29. bxc6 bxc6 30. b3 f6 31. b4 1/2-1/2

[Event "SC Weisse Dame Berlin-TuS Makkabi Rostoc"]
[Site "Kiel"]
[Date "2019.09.12"]
[Round "1.2"]
[White "Gehrke, Gina Celina"]
[Black "Janssen, Julika"]
[Result "1-0"]
[WhiteElo "1543"]
[BlackElo "794"]
[Annotator "Rnd./Pair./Board: 01.004.02"]
[PlyCount "49"]
[EventDate "2019.??.??"]
[WhiteTeam "SC Weisse Dame Berlin"]
[BlackTeam "TuS Makkabi Rostock"]

1. d4 d5 2. e3 Nc6 3. Bd3 Nf6 4. Nd2 e6 5. c3 Bd6 6. f4 O-O 7. Ngf3 Bd7 8. O-O
Qe7 9. Ne5 Rfd8 10. Rf3 Nh5 11. Rh3 g6 12. Qg4 Qf6 13. Rxh5 Kh8 14. Bxg6 fxg6
15. Nxg6+ Kg7 16. Ne5+ Kf8 17. Rxh7 Nxe5 18. fxe5 Bxe5 19. dxe5 Qxe5 20. Nf3
Qf6 21. Bd2 Be8 22. Rf1 Bb5 23. Rf2 Ke8 24. Nd4 Qe5 25. Qg8# 1-0

[Event "SC Weisse Dame Berlin-TuS Makkabi Rostoc"]
[Site "Kiel"]
[Date "2019.09.12"]
[Round "1.3"]
[White "Pommerehnke, Marla"]
[Black "Liu, Shandy"]
[Result "1-0"]
[WhiteElo "906"]
[BlackElo "929"]
[Annotator "Rnd./Pair./Board: 01.004.03"]
[PlyCount "45"]
[EventDate "2019.??.??"]
[WhiteTeam "TuS Makkabi Rostock"]
[BlackTeam "SC Weisse Dame Berlin"]

1. e4 e5 2. Nf3 Nc6 3. Bc4 Bc5 4. d3 h6 5. Nc3 d6 6. h3 Nf6 7. Be3 Bb6 8. Qe2
Be6 9. b3 d5 10. Bb5 d4 11. Nd1 dxe3 12. Nxe3 Bd7 13. Bc4 Nd4 14. Qd2 Nxf3+ 15.
gxf3 c6 16. Rg1 Ba5 17. c3 O-O 18. b4 b5 19. Bb3 Bb6 20. h4 a5 21. Nc2 a4 22.
Qxh6 g6 23. Rxg6# 1-0

[Event "SC Weisse Dame Berlin-TuS Makkabi Rostoc"]
[Site "Kiel"]
[Date "2019.09.12"]
[Round "1.4"]
[White "Kahlaee Semnani, Barin"]
[Black "Urban, Mila"]
[Result "1/2-1/2"]
[WhiteElo "780"]
[BlackElo "787"]
[Annotator "Rnd./Pair./Board: 01.004.04"]
[PlyCount "68"]
[EventDate "2019.??.??"]
[WhiteTeam "SC Weisse Dame Berlin"]
[BlackTeam "TuS Makkabi Rostock"]

1. e4 e5 2. Nf3 Nc6 3. Bc4 Nf6 4. Nc3 Bc5 5. O-O d6 6. d3 h6 7. h3 O-O 8. b3
Nh5 9. Nd5 Na5 10. b4 Nxc4 11. bxc5 Na5 12. cxd6 c6 13. Nb4 Qxd6 14. Ba3 c5 15.
Nd5 Nf6 16. Nxf6+ Qxf6 17. Bxc5 Re8 18. Be3 Qg6 19. Kh1 Nc6 20. Nh4 Qf6 21. Qf3
Qxh4 22. Qg3 Qh5 23. c3 Kf8 24. Bc5+ Kg8 25. d4 exd4 26. cxd4 Rxe4 27. Rfe1 Rh4
28. Re8+ Kh7 29. Qd3+ Bf5 30. Qe3 Rxe8 31. Qxe8 Be4 32. f3 Qd5 33. fxe4 Qxe4
34. Qxe4+ Rxe4 1/2-1/2

[Event "Elmshorner SC-SK Lehrte"]
[Site "Kiel"]
[Date "2019.09.12"]
[Round "1.1"]
[White "Margaryan, Venera"]
[Black "Braeutigam, Katerina"]
[Result "0-1"]
[WhiteElo "1293"]
[BlackElo "1757"]
[Annotator "Rnd./Pair./Board: 01.005.01"]
[PlyCount "70"]
[EventDate "2019.??.??"]
[WhiteTeam "SK Lehrte"]
[BlackTeam "Elmshorner SC"]

1. d4 Nf6 2. Nf3 e6 3. Bf4 b6 4. e3 Ba6 5. Be2 Bxe2 6. Qxe2 d5 7. Nbd2 c5 8. c3
Nc6 9. Qb5 Qd7 10. Ne5 Nxe5 11. Qxd7+ Nexd7 12. Rc1 Nh5 13. Bg3 Nxg3 14. hxg3
Rc8 15. Nf3 Be7 16. Kd2 O-O 17. a3 Nf6 18. Ke2 Rc7 19. Rc2 Rfc8 20. Rhc1 c4 21.
Ne5 b5 22. f4 h5 23. Kf1 Ne4 24. g4 f6 25. Ng6 hxg4 26. Kg1 Bd6 27. Nh4 Kf7 28.
Kh2 g5 29. Nf3 Rh8+ 30. Kg1 gxf3 31. gxf3 Ng3 32. Rg2 Rh1+ 33. Kf2 Rxc1 34.
Rxg3 gxf4 35. exf4 Bxf4 0-1

[Event "Elmshorner SC-SK Lehrte"]
[Site "Kiel"]
[Date "2019.09.12"]
[Round "1.2"]
[White "Margaryan, Susanna"]
[Black "Daoud, Shahnaz"]
[Result "1-0"]
[WhiteElo "1231"]
[BlackElo "1127"]
[Annotator "Rnd./Pair./Board: 01.005.02"]
[PlyCount "121"]
[EventDate "2019.??.??"]
[WhiteTeam "Elmshorner SC"]
[BlackTeam "SK Lehrte"]

1. e4 e5 2. Nf3 Nc6 3. Bb5 Nf6 4. d3 Bc5 5. Bxc6 bxc6 6. Nxe5 Qe7 7. Nf3 d5 8.
e5 Ng4 9. d4 Bb6 10. h3 Nh6 11. Bxh6 gxh6 12. Qd2 h5 13. Qh6 Bxd4 14. Nxd4
Qxe5+ 15. Qe3 Qxe3+ 16. fxe3 c5 17. Nb5 Kd7 18. Rf1 Rf8 19. N5c3 Ba6 20. Rf5 d4
21. exd4 cxd4 22. Rd5+ Ke6 23. Rxd4 Rfe8 24. Re4+ Kf5 25. Rxe8 Rxe8+ 26. Kf2 c6
27. Nd2 Rd8 28. Nb3 h4 29. Rd1 Rb8 30. Rd7 Rb7 31. Rxb7 Bxb7 32. Nd4+ Ke5 33.
Nf3+ Kf4 34. Nxh4 c5 35. g3+ Kg5 36. Ke3 f5 37. Nf3+ Kf6 38. Kf4 h5 39. b3 a5
40. Na4 Be4 41. c4 Bb1 42. a3 Bc2 43. Nxc5 Bd1 44. Nd4 Kg6 45. b4 axb4 46. axb4
Kf6 47. b5 Ke7 48. b6 Kd6 49. b7 Kc7 50. Nb5+ Kb8 51. Nd6 Kc7 52. Nb5+ Kb8 53.
Nd6 Kc7 54. Na6+ Kxd6 55. b8=Q+ Ke6 56. Qb6+ Kf7 57. Kxf5 Be2 58. Qe6+ Kg7 59.
Qxe2 Kh8 60. Kg6 h4 61. Qe8# 1-0

[Event "Elmshorner SC-SK Lehrte"]
[Site "Kiel"]
[Date "2019.09.12"]
[Round "1.3"]
[White "Thiele, Lea-Marie"]
[Black "Neitzel, Emma"]
[Result "1-0"]
[WhiteElo "1066"]
[BlackElo "803"]
[Annotator "Rnd./Pair./Board: 01.005.03"]
[PlyCount "41"]
[EventDate "2019.??.??"]
[WhiteTeam "SK Lehrte"]
[BlackTeam "Elmshorner SC"]

1. d4 d5 2. e3 Nf6 3. Bd3 Nc6 4. Nd2 e5 5. f3 exd4 6. exd4 Nxd4 7. Ne2 Nc6 8.
Nb3 Bd6 9. Bd2 O-O 10. c3 h6 11. Qc2 g6 12. Bxh6 Re8 13. Bxg6 Ne5 14. Bf5 Bd7
15. Qd2 Nh5 16. Bxd7 Re7 17. Qg5+ Kh7 18. Bf5+ Kh8 19. Qxh5 Qg8 20. Bf8+ Qh7
21. Qxh7# 1-0

[Event "Elmshorner SC-SK Lehrte"]
[Site "Kiel"]
[Date "2019.09.12"]
[Round "1.4"]
[White "Margaryan, Sofia"]
[Black "Stelter, Finja"]
[Result "0-1"]
[WhiteElo "800"]
[BlackElo "929"]
[Annotator "Rnd./Pair./Board: 01.005.04"]
[PlyCount "44"]
[EventDate "2019.??.??"]
[WhiteTeam "Elmshorner SC"]
[BlackTeam "SK Lehrte"]

1. e4 e5 2. Nf3 Nc6 3. Bc4 Bc5 4. O-O d6 5. h3 Nf6 6. Nc3 Nxe4 7. Nxe4 d5 8.
Nxc5 dxc4 9. d3 cxd3 10. Nxd3 Qe7 11. Bg5 f6 12. Bd2 e4 13. Re1 g5 14. h4 h6
15. a3 Bg4 16. Nb4 Nxb4 17. Bxb4 Qe6 18. hxg5 hxg5 19. Bc3 Qf7 20. Rxe4+ Kf8
21. Rxg4 Qh5 22. Nxg5 Qh1# 0-1